000
00329nam a2200133Ia 4500
008
240624s9999 xx 000 0 und d
041
_a
eng
082
_a
823 DIC
100
_a
DICKENS CHARLES
245
_a
GREAT EXPECTATIONS
260
_c
2010
_a
New Delhi
_b
HarperCollins
300
_a
viii, : 460 : p. : cm. ; 17
365
_c
RS
999
_c
28709
_d
28709